01401naa#a2200169#i#4500001001600000005001700016011001400033100004100047102000700088200034900095210053800444215001000982608004500992675012101037700005201158856002101210RU\\bibl\12218620260503160448.7##a2074-1626##a20260416b2026####ek#y0rusy0150####ca##aRU1#aТЕОРЕТИКО-ПРАВОВЫЕ АСПЕКТЫ ОСОБЕННОСТЕЙ ОСПАРИВАНИЯ НОРМАТИВНЫХ ПРАВОВЫХ АКТОВ ОРГАНОВ ПУБЛИЧНОЙ АДМИНИСТРАЦИИ, РЕГУЛИРУЮЩИХ ОТНОШЕНИЯ В СОЦИАЛЬНО-КУЛЬТУРНОЙ СФЕРЕeЖурнальная статья1#aСанкт-ПетербургcСанкт-Петербургский университет Государственной противопожарной службы Министерства Российской Федерации по делам гражданской обороны, чрезвычайным ситуациям и ликвидации последствий стихийных бедствий имени Героя Российской Федерации генерала армии Е.Н. Зиничеваd2026##a6 с.##aЖурнальная статья2local##aМеждународные отношения. Мировая политика. Внешняя политика. 327#1aКайновgВладимир Иванович4#ajournals.igps.ru